000 00640nam a22001937a 4500
999 _c165595
_d165595
005 20190624151822.0
010 _aUR-10238
020 _c160.00
_a9789387539662
035 _aU-8793
037 _bDBAD/PUB
082 _a808
100 _aسہيل جا معی
245 _aکبو تر کی پر و ا ز
_cسہيل جا معی
246 _bKabootar ki Parwaz (Urdu)
_aby Suhail Jami
260 _a Delhi
_bEducational Publishing House
_c2017 ء
270 _a3191،Vakil Street,Kucha Pandit,Lal Kuan,
_bDelhi
_e110006
_k23216162
_l00911123211540
300 _a136ص
_c22 Cm(Hb)
942 _2ddc
_cUR
_h808
_mس ہ ے